Ancient Egyptian religion

Αποθηκεύτηκε σε:
Λεπτομέρειες βιβλιογραφικής εγγραφής
Κύριος συγγραφέας: Quirke, Stephen
Μορφή: Βιβλίο
Γλώσσα:English
Δημοσίευση: London : British Museum Press, 2000
Θέματα:
Ετικέτες: Προσθήκη ετικέτας
Δεν υπάρχουν, Καταχωρήστε ετικέτα πρώτοι!

MARC

LEADER 00000nam a2200000 i 4500
001 1/26016
008 020809s2000 eng d
020 |a 0-7141-0966-5 
035 |l 10068172 
040 |a GR-MY-UA  |b gre  |e aacr 
041 0 |a eng 
082 0 |a 299.31 
100 0 |a Quirke, Stephen. 
245 1 0 |a Ancient Egyptian religion /  |c Stephen Quirke 
260 |a London :   |b British Museum Press,   |c 2000 
300 |a 192 p. 
651 0 |a Egypt  |x Religion. 
852 |a INST  |b RHODES  |e 20020809  |h 299.31 QUI  |p 005400016273  |q 005400016273  |t BK  |y 0 
901 |a BIBL4-2002-2 
909 |a Ρ  |b 102313 
922 |a 4ΕΛΗ  |b 200206  |c ΚΠΣ/124 
970 |a ΚΟΥΛΑΚΙΟΤΗ  |b ΛΙΤΣΑ  |z 2002/08/22